Devine le personnage disney/ pixar #7 - Statistiques

Statistiques générales
  • Ce quiz a été pris 766 fois
  • Le résultat moyen est 5 sur 10
Statistiques - réponses
Hint Indice Réponse % Correct
1 Princesse, tapis Jasmine
99%
7 Pirate, bateau, crochet Capitaine crochet
78%
3 Dragon, rouge Mushu
63%
10 Jeune fille, déménagement, émotion Riley
53%
6 Cocker, bébé, siamois Lady
49%
4 Tasse, garçon, malédiction Zip
44%
2 Cochon, tirelire Bayonne
38%
5 Gris, deppresif Bourriquet
34%
9 Oiseau, chocolat, coloré Kevin
20%
8 Fille, aventure, mariée Ellie
7%
Aucun quiz correspondant
Distribution des résultats
% des personnes avec chaque résultat
Percentile par nombre de réponses
Votre historique - résultats
Vous n’avez pas pris ce quiz